[Event "Budapest FS07 FM"]
[Site "Budapest"]
[Date "2022.07.04"]
[Round "3"]
[White "Joy, Antony"]
[Black "Tolgyesi, Tibor"]
[Result "1-0"]
[WhiteElo "1705"]
[BlackElo "1450"]
[PlyCount "71"]
[EventDate "2022.07.02"]
[EventType "tourn"]
[EventRounds "10"]
[EventCountry "HUN"]
[SourceTitle "EXT 2023"]
[Source "ChessBase"]
[SourceDate "2022.10.05"]
[SourceVersion "1"]
[SourceVersionDate "2022.10.05"]
[SourceQuality "1"]

1. e4 e5 2. Nf3 d6 3. d4 exd4 4. Nxd4 Nf6 5. Nc3 Be7 6. Bd3 0-0 7. 0-0 c5 8. Nde2 a6 9. a4 Nc6 10. h3 Be6 11. Nf4 Ne5 12. Nxe6 fxe6 13. Be2 b5 14. f4 Nc4 15. b3 Nb6 16. Bf3 e5 17. fxe5 dxe5 18. Qxd8 Rfxd8 19. axb5 a5 20. Be3 Rdb8 21. Rfd1 h6 22. Nd5 Nfxd5 23. exd5 Bd6 24. Bg4 g5 25. Be6+ Kg7 26. Rf1 Rb7 27. Rf5 Raa7 28. h4 Ra8 29. hxg5 Rf8 30. Raf1 Rxf5 31. gxh6+ Kh7 32. Bxf5+ Kh8 33. Be4 Rb8 34. Bg5 Nd7 35. Rf7 Rb7 36. Bf5 1-0

[Event "New Delhi Parsvnath op 10th"]
[Site "New Delhi"]
[Date "2012.01.21"]
[Round "9"]
[White "Kathmale, Sameer"]
[Black "Joy, Antony"]
[Result "1-0"]
[WhiteElo "2207"]
[BlackElo "1918"]
[PlyCount "53"]
[EventDate "2012.01.15"]
[EventType "swiss"]
[EventRounds "11"]
[EventCountry "IND"]
[SourceTitle "CBM 146 Extra"]
[Source "ChessBase"]
[SourceDate "2012.02.29"]
[SourceVersion "1"]
[SourceVersionDate "2012.02.29"]
[SourceQuality "1"]

1. e4 c5 2. c3 g6 3. d4 cxd4 4. cxd4 Bg7 5. Nc3 e6 6. Nf3 Ne7 7. Bg5 0-0 8. Qd2 d5 9. e5 Nbc6 10. h4 f6 11. exf6 Bxf6 12. h5 Nf5 13. hxg6 hxg6 14. Bxf6 Qxf6 15. 0-0-0 Bd7 16. Bb5 Rac8 17. Bxc6 Bxc6 18. Rh3 b5 19. Kb1 b4 20. Ne2 Ba4 21. Rdh1 a5 22. Ne5 Be8 23. g4 Nd6 24. Qh6 Qg7 25. Qh8+ Qxh8 26. Rxh8+ Kg7 27. R1h7+ 1-0

[Event "IND-chT 31st"]
[Site "Cochin"]
[Date "2011.02.22"]
[Round "1"]
[White "Neelotpal, Das"]
[Black "Joy, Antony"]
[Result "1-0"]
[WhiteElo "2477"]
[BlackElo "2012"]
[PlyCount "71"]
[EventDate "2011.02.22"]
[EventType "team-swiss"]
[EventRounds "9"]
[EventCountry "IND"]
[SourceTitle "CBM 141 Extra"]
[Source "ChessBase"]
[SourceDate "2011.05.03"]
[SourceVersion "1"]
[SourceVersionDate "2011.05.03"]
[SourceQuality "1"]
[WhiteTeam "PSPB"]
[BlackTeam "Ernakulam"]
[WhiteTeamCountry "IND"]
[BlackTeamCountry "IND"]

1. d4 Nf6 2. c4 g6 3. g3 d5 4. cxd5 Nxd5 5. Bg2 Bg7 6. Nf3 0-0 7. Nc3 Nxc3 8. bxc3 c5 9. 0-0 Nc6 10. e3 Be6 11. Qe2 Na5 12. Rd1 Bc4 13. Qe1 cxd4 14. cxd4 Rc8 15. Ba3 b6 16. Bb4 Nc6 17. Bc3 e6 18. e4 b5 19. a3 Qb6 20. h4 Rfd8 21. Qe3 a5 22. h5 Rd7 23. h6 Bf8 24. Qf4 b4 25. axb4 axb4 26. Bb2 Be2 27. d5 Bxf3 28. dxc6 Rxd1+ 29. Rxd1 Rxc6 30. Qxf3 e5 31. Bxe5 Bxh6 32. Rd7 Rc7 33. Kh2 Qe6 34. Rd8+ Bf8 35. Qf4 Rc6 36. Qh6 1-0

[Event "Chennai op 3rd"]
[Site "Chennai"]
[Date "2011.01.19"]
[Round "3"]
[White "Joy, Antony"]
[Black "Banerjee, Sushant"]
[Result "0-1"]
[WhiteElo "2012"]
[BlackElo "2182"]
[PlyCount "102"]
[EventDate "2011.01.18"]
[EventType "swiss"]
[EventRounds "11"]
[EventCountry "IND"]
[SourceTitle "CBM 140 Extra"]
[Source "ChessBase"]
[SourceDate "2011.03.01"]
[SourceVersion "1"]
[SourceVersionDate "2011.03.01"]
[SourceQuality "1"]

1. e4 d5 2. exd5 Nf6 3. d4 Bg4 4. Be2 Bxe2 5. Nxe2 Qxd5 6. 0-0 Nc6 7. Nbc3 Qa5 8. a4 e6 9. Nb5 a6 10. Na3 Qxa4 11. b3 Qa5 12. Bd2 Qh5 13. Nc4 Rd8 14. c3 Bd6 15. f4 0-0 16. Rf3 Ne4 17. Be3 Ne7 18. Ra5 Nf5 19. Qd3 b6 20. Nxd6 Rxd6 21. Re5 Nc5 22. Qb1 Nd7 23. Ng3 Qg6 24. Nxf5 exf5 25. Rg3 Qh5 26. Rxf5 Qe2 27. Rfg5 Rg6 28. f5 Rxg5 29. Bxg5 Kh8 30. f6 g6 31. Re3 Qh5 32. Bf4 Qh4 33. Be5 Nxe5 34. dxe5 Qf4 35. Qe4 Qxe4 36. Rxe4 Rd8 37. Kf2 Kg8 38. Ke3 Kf8 39. Rd4 Ke8 40. Ke4 a5 41. Rxd8+ Kxd8 42. Kd5 Kd7 43. c4 c6+ 44. Kd4 Ke6 45. g4 g5 46. Ke4 b5 47. Kd4 a4 48. bxa4 bxa4 49. Kc3 c5 50. Kb2 Kxe5 51. Ka3 Kd4 0-1

[Event "Jalgaon op"]
[Site "Jalgaon"]
[Date "2010.11.24"]
[Round "3"]
[White "Matta, Vinay Kumar"]
[Black "Joy, Antony"]
[Result "1-0"]
[WhiteElo "2257"]
[BlackElo "2041"]
[PlyCount "90"]
[EventDate "2010.11.23"]
[EventType "swiss"]
[EventRounds "11"]
[EventCountry "IND"]
[SourceTitle "CBM 139 Extra"]
[Source "ChessBase"]
[SourceDate "2011.01.05"]
[SourceVersion "1"]
[SourceVersionDate "2011.01.05"]
[SourceQuality "1"]

1. e4 c6 2. d4 d5 3. Nc3 dxe4 4. Nxe4 Bf5 5. Ng3 Bg6 6. h4 h6 7. Nf3 Nd7 8. h5 Bh7 9. Bd3 Bxd3 10. Qxd3 Qc7 11. Bd2 e6 12. 0-0-0 0-0-0 13. Ne4 Ngf6 14. g3 Nxe4 15. Qxe4 Nf6 16. Qe2 Bd6 17. c4 Qe7 18. Kb1 Kb8 19. Ba5 Rc8 20. c5 Bc7 21. Bxc7+ Rxc7 22. Ne5 Rd8 23. Rd3 Rd5 24. g4 Ne8 25. f4 Rc8 26. g5 hxg5 27. fxg5 Qxg5 28. Nxf7 Qf5 29. h6 gxh6 30. Nxh6 Qg6 31. Ng4 Rcd8 32. Ne5 Qf5 33. Rh5 Qf4 34. Ng6 Qf7 35. Rxd5 Rxd5 36. Ne5 Qh7 37. Kc1 Nc7 38. Qf2 Qh6+ 39. Kc2 a6 40. a4 Rd8 41. Qf7 Nd5 42. Nxc6+ Kc8 43. Nxd8 Nb4+ 44. Kb3 Nxd3 45. Nxe6 Kb8 1-0